000 00680nam a2200253Ia 4500
003 OSt
005 20220925212802.0
006 a|||||r|||| 00| 0
007 ta
008 220923b |||||||| |||| 00| 0 eng d
020 _a0233979999
037 _cGeneral Book
040 _aRTL
_cRTL
_beng
041 _2eng
_aeng
082 _aX9wK, M8
100 _aWilson Derek
_9114746
245 0 _aRothschild
_bA story wealth and power
260 _aLondon
_bAndre Deutsch
_c1988
300 _aix,490p
_ccm.
500 _aBibliography P 475-80
650 _aIndustry Economics
942 _hX9wK, M8
_cGB
_2CC
999 _c561150
_d561150